Fr. Conceicao Rodrigues College of Engineering

Who moved my cheese (Record no. 31323)

MARC details
000 -LEADER
fixed length control field 00256nam a2200133Ia 4500
082 ## - DEWEY DECIMAL CLASSIFICATION NUMBER
Classification number 808.83
Item number SPE
100 ## - MAIN ENTRY--PERSONAL NAME
Personal name Spencer
245 ## - TITLE STATEMENT
Title Who moved my cheese
260 ## - PUBLICATION, DISTRIBUTION, ETC.
Name of publisher, distributor, etc. #N/A
366 ## - TRADE AVAILABILITY INFORMATION
Publishers's discount category 20
546 ## - LANGUAGE NOTE
Language note MARATHI
-- Computers
942 ## - ADDED ENTRY ELEMENTS (KOHA)
Koha item type BOOK
Holdings
Withdrawn status Lost status Damaged status Not for loan Collection Home library Current library Date acquired Source of acquisition Cost, normal purchase price Inventory number Total Checkouts Full call number Barcode Date last seen Cost, replacement price Price effective from Koha item type
        CRC Fr. Agnel's C.Rodrigues College of Engineering Fr. Agnel's C.Rodrigues College of Engineering 17/03/2023 Dharma Enterprises 120.00 146 dt 23/05/2013   808.83 SPE 22636 17/03/2023 150.00   BOOK